000 00542cab a2200205 4500
001 WB3442-27
008 090401t1998 xxu||||| |||| 00| 0 eng d
035 _a(Sirsi) u89488
041 _aeng
245 2 _aA picture of health
260 _c1998
350 _a0
490 _aWeekend Financial Times
_v31 October 1998, 1(2)
520 _aLooks at the growth in the health club and leisure industry.
650 _aHEALTH CLUBS
650 _aLEISURE INDUSTRY
690 _aLEISURE AND RECREATION
942 _n0
948 _c04/11/1998
999 _c56624
_d56624